| 000 | 00735cam a22002292 4500 | ||
|---|---|---|---|
| 001 | 0000019355 | ||
| 005 | 20151021151132.0 | ||
| 008 | 101111s xx 000 0 eng d | ||
| 020 | _a0470505854 : | ||
| 040 |
_aKABU _cKABU |
||
| 100 | 1 |
_aDeCenzo, David A. _@0000150760 |
|
| 245 | 1 | 0 |
_aHuman resource management. / _cDavid A. DeCenzo, Stephen P. Robbins, Susan L. Verhulst. |
| 250 | _a10th ed. | ||
| 260 |
_aHoboken, NJ. : _bJ. Wiley, _c2010. |
||
| 300 | _axxii, 410 p. | ||
| 650 | 0 |
_aPersonnel management. _@0000150761 |
|
| 700 | 1 |
_aRobbins, Stephen P. _@0000150759 |
|
| 700 | 1 |
_aVerhulst, Susan L. _@0000179071 |
|
| 852 | 1 | _9p5640 KES | |
| 908 | _a101111 | ||
| 950 | _@1 | ||
| 999 |
_c1050 _d1050 |
||